000 00641nam a2200253Ia 4500
003 OSt
005 20220912151545.0
006 a|||||r|||| 00| 0
007 ta
008 220909b |||||||| |||| 00| 0 eng d
024 _a63103
037 _cTextual
040 _aCSL
_beng
_cCSL
041 _aeng
082 _aE:25, M6
100 _aMukherjee K K
245 0 _aFundamentals of photochemistry
260 _aNew Delhi
_b Wiley Eastern
_c1986
300 _a371p.
_ccm.
650 _aPhotochemistry
700 _a Rohatgi
942 _hE:25, M6
_cTEXL
_2CC
999 _c71266
_d71266